Simpsons Characters- Sudden Death - Statistics

General Stats
  • This quiz has been taken 101 times
  • The average score is 15 of 31
Answers on the Grid
Answers color-coded by a green-red scale on the quiz's grid according to % correct below.
Carl Carlsen
Moe Szyslak
Hans Moleman
Lindsay Naegle
Troy McClure
Lionel Hutz
Otto Mann
Patty Bouvier
Selma Bouvier
Barney Gumble
Disco Stu
Julius Hibbert
Santa’s Little Helper
Kang
Kodos
Lenny Leonard
Nelson Muntz
Gary Chalmers
Seymour Skinner
Kirk Van Houten
Edna Krabappel
Helen Lovejoy
Maude Flanders
Rich Texan
Rainier Wolfcastle
Bumblebee Man
Fat Tony
Blinky
Apu Nahasapeemapetilon
Ralph Wiggum
Kent Brockman
Kahn Sousanousinphone
Barney Rubble
Barney Miller
Leo Spaceman
Chuck the Evil Sandwich Making Guy
Cletus Kasady
Greased-Up Deaf Guy
Wendy Testaburger
Spike Spiegel
Dipper Pines
Pam Beesly
Darwin Watterson
Paulie Walnuts
Boo Radley
Diane Nguyen
Carl Brutananadilewski
Ron Swanson
 
Answer Stats
Answer % Correct
Apu Nahasapeemapetilon
66%
Santa’s Little Helper
64%
Seymour Skinner
63%
Moe Szyslak
61%
Edna Krabappel
59%
Ralph Wiggum
57%
Bumblebee Man
55%
Kent Brockman
55%
Selma Bouvier
55%
Barney Gumble
54%
Fat Tony
54%
Maude Flanders
54%
Nelson Muntz
54%
Patty Bouvier
54%
Disco Stu
50%
Hans Moleman
50%
Kirk Van Houten
50%
Rainier Wolfcastle
50%
Otto Mann
48%
Troy McClure
48%
Helen Lovejoy
46%
Julius Hibbert
45%
Kang
45%
Lionel Hutz
43%
Kodos
41%
Carl Carlsen
39%
Lenny Leonard
38%
Rich Texan
30%
Gary Chalmers
29%
Blinky
20%
Lindsay Naegle
18%
No matching quizzes found
Score Distribution
Percent of People with Each Score
Percentile by Number Answered
Your Score History
You have not taken this quiz